Word Ladder: Aquatic Apex Predator Quiz Stats

 Plays Quiz Updated Feb 7, 2018

Challenge
Share
Tweet
Embed
Score 0/22 Timer 03:00
3 Plays Today
Clue 5-Letter Word % Correct
The offspring of a henCHICK
96.3%
Language of Homer and AristotleGREEK
95.7%
Chess player's warningCHECK
95.7%
Not thinTHICK
94.9%
The color of fresh snow🌊 WHITE 🌊
94.8%
A small streamCREEK
94.5%
Use a penWRITE
94.4%
Place for a peckCHEEK
93.9%
Of considerable size; better than good🌊 GREAT 🌊
92.9%
First name of Batman's alter egoBRUCE
92%
Orthodontic deviceBRACE
91.7%
Clue 5-Letter Word % Correct
Extend a hand toGREET
90.7%
Make an outline ofTRACE
90.5%
Railway line; album segmentTRACK
90.4%
To deceive or cheatTRICK
90.3%
Complain, moanWHINE
88.4%
Lit picture toy, 'Lite-_____'BRITE
88.2%
Large predatory fish🌊 SHARK 🌊
88.1%
To emit lightSHINE
87.3%
Cruel person or creatureBRUTE
85.9%
Divide equallySHARE
84.8%
Region in Tolkien's Middle-earthSHIRE
80.5%

Today's Daily Dose

You're not logged in!

Compare scores with friends on all Sporcle quizzes.
OR
Log In

You Might Also Like...

Show Comments

Extras

Top Quizzes Today


Score Distribution

Your Account Isn't Verified!

In order to create a playlist on Sporcle, you need to verify the email address you used during registration. Go to your Sporcle Settings to finish the process.

Report this User

Report this user for behavior that violates our Community Guidelines.

Details: